Lege das Alphabet zurück in die Ländernamen - Statistiken

Allgemein
  • Dieses Quiz wurde 370 mal gespielt
  • Das Durchschnittsergebnis liegt bei 23 aus 26
Antwortstatistiken
Hint Antwort % Korrekt
Neuseelnd A
92%
Alanien B
92%
Kasacstan H
92%
Uraine K
92%
Idien N
91%
El Salador V
91%
Osta Rica C
90%
Innland F
90%
Bangadesch L
90%
Oan M
89%
Meiko X
89%
Afghanstan I
88%
Äuatorialguinea Q
88%
Siera Leone R
88%
Botwana S
88%
Liben Y
87%
Sychellen E
86%
Suan D
85%
Too G
85%
Belie Z
85%
Apan J
81%
Antiga und Barbuda U
81%
Philipinen P
80%
Sankt Kits und Nevis T
77%
Malai W
77%
Sama O
76%
Keine übereinstimmenden Quizze gefunden
Verteilung der Resultate
Anzahl Personen mit jedem Resultat
Perzentil nach korrekt beantworteten Fragen
Ihre Resultats-Entwicklung
Sie haben dieses Quiz noch nicht gespielt